Something Happened / (Rekord nr 48552)
| 000 -ETYKIETA REKORDU | |
|---|---|
| podpole kontrolne o stałej długości | 00514nam a2200193 i 4500 |
| 001 - NUMER KONTROLNY REKORDU | |
| pole kontrolne | bgj |
| 040 ## - ŹRÓDŁO KATALOGOWANIA | |
| Instytucja, która utworzyła rekord | BPK |
| 041 0# - KOD JĘZYKA | |
| Kod języka tekstu | eng |
| 008 - POLE O STAŁEJ DŁUGOŚCI - DANE KONTROLNE | |
| podpole kontrolne o stałej długości | s uk f |000 0 eng |
| 100 1# - NAZWA OSOBOWA | |
| Nazwa osobowa | Heller, Joseph |
| Daty związane z nazwą | (1923-1999). |
| 245 10 - TYTUŁ/ODPOWIEDZIALNOŚĆ | |
| Tytuł | Something Happened / |
| Pozostałe elementy strefy tytułu i oznaczenia odpowiedzialności | Joseph Heller. |
| 260 ## - STREFA ADRESU WYDAWNICZEGO | |
| Miejsce wydania | New York : |
| Nazwa wydawcy/dystrybutora | Dell Publishing, |
| Data publikacji, dystrybucji/powstania dokumentu | 1985. |
| 300 ## - STREFA OPISU FIZYCZNEGO | |
| Objętość | 530 pp ; |
| Rozmiary | 18 cm. |
| 650 #9 - HASŁO PRZEDMIOTOWE W FORMIE NAZWY OGÓLNEJ LUB JEDNOSTKOWEJ | |
| Nazwa ogólna lub geograficzna | Bussinesspeople |
| Określnik geograficzny | United States |
| 650 #9 - HASŁO PRZEDMIOTOWE W FORMIE NAZWY OGÓLNEJ LUB JEDNOSTKOWEJ | |
| Nazwa ogólna lub geograficzna | American fiction |
| Określnik chronologiczny | 20th century |
| 651 #9 - HASŁO PRZEDMIOTOWE W FORMIE NAZWY GEOGRAFICZNEJ | |
| Nazwa geograficzna | United States |
| 655 ## - TERMIN INDEKSOWY - OKREŚLENIE RODZAJU/FORMY DOKUMENTU | |
| Określenie rodzaju/formy dokumentu | Fiction |
| 856 ## - LOKALIZACJA I DOSTĘP DO ELEKTRONICZNYCH DOKUMENTÓW ZDALNYCH | |
| Link (URL) | http://koha.tu.koszalin.pl/cgi-bin/koha/opac-detail.pl?biblionumber=48552 |
| Tekst linku | Katalog online BPK |
| 942 ## - DODATKOWE ELEMENTY (KOHA) | |
| Typ dokumentu | Książka |
| Wycofany | Status egzemplarza | Uszkodzony | Dostępność | Lokalizacja stała | Lokalizacja bieżąca | Miejsce przechowywania | Sygnatura | Kod kreskowy | Typ dokumentu |
|---|---|---|---|---|---|---|---|---|---|
| Dostępny | Biblioteka Politechniki Koszalińskiej | Biblioteka Politechniki Koszalińskiej | Wypożyczalnia Językowa | KA 5823 | 09054110 | Książka |
